000
00277nam a2200121Ia 4500
008
190216s9999||||xx |||||||||||||| ||und||
100
_a
Null
245
0
_a
Hindi-Bharathiya Kala
260
_b
New Age International Publishers
300
_a
230
650
_a
Hindi
942
_c
BK
999
_c
15912
_d
15912